00447nam a2200181Ia 4500003000400000005001700004008004100021020002200062040000700084041000800091082002300099100001500122245004100137260003700178300001400215365001300229650002300242OSt20230411153517.0210423s2015 xx 000 0 und d a978-81-260-1872-7 cAL aeng a820.954 223bNAIH aNAIK (M K) aHistory of Indian English literature aNew DelhibSahitya Akademic2015 ax,334bPB b150cINR aEnglish Literature